000 00942nam a2200229 i 4500
003 IT-RoINE
005 20190524041941.0
008 990624s1946 sp ah r 000 | spa d
040 _aUSA.SABUS
_dUPSA
_dIT-RoINE
_cesslup IT-RoINE
100 1 _aCantero Cuadrado, Pedro,
_917650
_d1902-1978
245 1 3 _aLa Rota española /
_cpor Pedro Cantero.
260 _aMadrid :
_b[s.n.],
_c1946.
300 _a259 p., [6] h. de lám., [1] h.de lám. pleg. ;
_c25 cm.
336 _2rdacontent
_atext
337 _2rdamedia
_aunmediated
338 _2rdacarrier
_avolume
500 _aPrecede al tít.: Consejo Superior de Investigaciones Científicas, Instituto "San Raimundo de Peñafort".
504 _aIncluye bibliografía.
610 2 4 _aIglesia Católica.
_bApostolica Nuntiatura (España).
_bTribunal Rotae
_xHistoria
_xFuentes
_959936
710 2 _9821
_aInstituto San Raimundo de Peñafort de Derecho Canónico (Salamanca, España)
942 _cMTS
999 _c30550
_d30550